[Event "HZ Chess Tournament 2013"]
[Site "?"]
[Date "2013.08.05"]
[Round "4"]
[White "Leenhouts, Koen"]
[Black "Huschenbeth, Niclas"]
[Result "0-1"]
[WhiteElo "2379"]
[BlackElo "2542"]
[PlyCount "118"]
[EventDate "2013.??.??"]

1. d4 Nf6 2. c4 e6 3. Nc3 Bb4 4. e3 b6 5. Nge2 Ne4 6. Qc2 Bb7 7. a3 Bxc3+ 8.
Nxc3 Nxc3 9. Qxc3 d6 10. b4 a5 11. Bb2 axb4 12. axb4 Rxa1+ 13. Bxa1 O-O 14. d5
Qg5 15. h4 Qg6 16. Bd3 Qxg2 17. Be4 Qg4 18. Bf3 Qg6 19. h5 Qh6 20. Rg1 e5 21.
c5 bxc5 22. bxc5 Qf6 23. Be4 Na6 24. c6 Bc8 25. Qc2 h6 26. f4 Nc5 27. Bh7+ Kh8
28. fxe5 Qh4+ 29. Kd1 Bg4+ 30. Kc1 Rb8 31. Bb2 dxe5 32. Qxc5 Qf2 33. Rxg4 Qe1+
34. Kc2 Qe2+ 35. Kc1 Qe1+ 36. Kc2 Qe2+ 37. Kc1 Qxb2+ 38. Kd1 Kxh7 39. Qc2+
Qxc2+ 40. Kxc2 Rd8 41. e4 g5 42. Rg1 f5 43. Kd3 Kg7 44. Ra1 Kf6 45. Ra7 Rc8 46.
exf5 Kxf5 47. Ra1 g4 48. Rf1+ Kg5 49. Rf7 Kxh5 50. Rg7 Kh4 51. Ke4 g3 52. Kxe5
Kh3 53. Rh7 Rg8 54. Rxh6+ Kg4 55. d6 g2 56. dxc7 Kg5 57. Rh7 g1=Q 58. Rg7+ Rxg7
59. c8=Q Qc5+ 0-1

[Event "HZ Chess Tournament 2013"]
[Site "?"]
[Date "2013.08.05"]
[Round "4"]
[White "Von Meijenfeldt, Bart"]
[Black "L'Ami, Erwin"]
[Result "0-1"]
[WhiteElo "2202"]
[BlackElo "2626"]
[PlyCount "132"]
[EventDate "2013.??.??"]

1. e4 e5 2. Nf3 Nc6 3. Bb5 a6 4. Ba4 Nf6 5. Qe2 b5 6. Bb3 Be7 7. c3 O-O 8. O-O
d5 9. d3 Be6 10. Ng5 Bg4 11. f3 Bh5 12. g4 Bg6 13. Nh3 Qd7 14. Qg2 Na5 15. Bc2
c5 16. Rd1 Rfd8 17. Nd2 c4 18. dxc4 dxe4 19. fxe4 Nxg4 20. Nf1 Qa7+ 21. Kh1
Rxd1 22. Bxd1 Nf6 23. cxb5 Bxe4 24. Bf3 Bxf3 25. Qxf3 axb5 26. Bg5 Re8 27. Ne3
Qa8 28. Qxa8 Rxa8 29. Nf5 Kf8 30. Re1 Nc6 31. a3 Rd8 32. Nf2 Nd5 33. Nxe7 Ndxe7
34. Ne4 h6 35. Be3 f5 36. Nc5 Kf7 37. a4 bxa4 38. Nxa4 f4 39. Bc5 Kf6 40. b4
Nf5 41. b5 Nb8 42. Nb6 Nh4 43. Nc4 Nf3 44. Rf1 Rd3 45. Bb4 e4 46. Bd6 Rxc3 47.
Ne5 Nxe5 48. Rxf4+ Ke6 49. Bxb8 Rc4 50. Bxe5 Kxe5 51. Rf7 g6 52. Kg2 Rb4 53.
Rg7 Kf5 54. Rb7 Kf4 55. b6 g5 56. Rf7+ Kg4 57. h3+ Kh4 58. Rf6 Rb2+ 59. Kf1 h5
60. Rh6 Rb3 61. Kg2 Rg3+ 62. Kf2 Rxh3 63. Re6 Rb3 64. Rxe4+ g4 65. Re6 Kh3 66.
Re3+ g3+ 0-1

[Event "HZ Chess Tournament 2013"]
[Site "?"]
[Date "2013.08.05"]
[Round "4"]
[White "Zhao, Xue"]
[Black "Van Foreest, Jorden"]
[Result "1/2-1/2"]
[WhiteElo "2562"]
[BlackElo "2284"]
[PlyCount "130"]
[EventDate "2013.??.??"]

1. d4 d5 2. c4 c6 3. Nf3 Nf6 4. e3 Bg4 5. Nc3 e6 6. h3 Bh5 7. Qb3 Qc7 8. Nh4
Nbd7 9. Bd2 a5 10. cxd5 exd5 11. Bd3 Bb4 12. Qc2 O-O 13. O-O Rfe8 14. a3 Bxc3
15. bxc3 c5 16. Rfe1 c4 17. Be2 Bxe2 18. Rxe2 Re6 19. a4 Rae8 20. Rb1 Rb6 21.
Be1 Qc6 22. Ra1 Rb3 23. f3 Nb6 24. Qa2 g6 25. g4 Nc8 26. Ng2 Nd6 27. Rb2 b5 28.
Rxb3 cxb3 29. Qxb3 bxa4 30. Qxa4 Qxa4 31. Rxa4 Nc4 32. Bg3 Rc8 33. Kf2 Nd7 34.
e4 dxe4 35. fxe4 Nf6 36. Ke2 Nxe4 37. Be1 Nf6 38. Ne3 Nxe3 39. Kxe3 Nd5+ 40.
Kd3 Nf4+ 41. Kc2 Nxh3 42. Rxa5 g5 43. Bg3 Kg7 44. Kd3 Kg6 45. c4 h5 46. Ra6+
Kh7 47. gxh5 f5 48. Be5 Nf2+ 49. Kc3 Ne4+ 50. Kb4 f4 51. c5 f3 52. Ra7+ Kh6 53.
Rf7 f2 54. Kb5 Kxh5 55. c6 Kg6 56. Rxf2 Nxf2 57. c7 Kf5 58. Kc6 Nd3 59. Bh2 Ke4
60. Kd7 Rg8 61. c8=Q Rxc8 62. Kxc8 Kxd4 63. Kd7 Ke4 64. Ke6 g4 65. Kf6 Kf3
1/2-1/2

[Event "HZ Chess Tournament 2013"]
[Site "?"]
[Date "2013.08.05"]
[Round "4"]
[White "Kerigan, Demre"]
[Black "Harika, Dronavalli"]
[Result "0-1"]
[WhiteElo "2257"]
[BlackElo "2479"]
[PlyCount "40"]
[EventDate "2013.??.??"]

1. e4 e6 2. d4 d5 3. Nd2 Nf6 4. e5 Nfd7 5. Bd3 c5 6. c3 Nc6 7. Ngf3 g6 8. O-O
Bg7 9. Re1 O-O 10. Nf1 cxd4 11. cxd4 Qb6 12. Bc2 f6 13. exf6 Nxf6 14. Ng3 Ng4
15. h3 Bxd4 16. Nxd4 Nxf2 17. Qd2 Nxd4 18. Kh2 e5 19. Rxe5 Nxh3 20. Bb3 Nf3+
0-1

[Event "HZ Chess Tournament 2013"]
[Site "?"]
[Date "2013.08.05"]
[Round "4"]
[White "Kuling, Lody"]
[Black "Tan, Matthew"]
[Result "0-1"]
[WhiteElo "2246"]
[BlackElo "2444"]
[PlyCount "54"]
[EventDate "2013.??.??"]

1. d4 Nf6 2. c4 c5 3. d5 e6 4. Nc3 exd5 5. cxd5 d6 6. e4 g6 7. Nf3 Bg7 8. h3
O-O 9. Be2 Re8 10. Nd2 Na6 11. O-O Nc7 12. a4 a6 13. Qc2 Rb8 14. Rb1 b5 15. b4
cxb4 16. Rxb4 a5 17. Rxb5 Nxb5 18. Bxb5 Bd7 19. Ba3 Rc8 20. Qd3 Ng4 21. Bxd7
Ne5 22. Qe2 Nxd7 23. Nb5 Nc5 24. Na7 Rc7 25. Nc6 Qd7 26. Bxc5 dxc5 27. Qc4 Rxc6
0-1

[Event "HZ Chess Tournament 2013"]
[Site "?"]
[Date "2013.08.05"]
[Round "4"]
[White "Kohlweyer, Bernd"]
[Black "Mostertman, Milan"]
[Result "1/2-1/2"]
[WhiteElo "2440"]
[BlackElo "2280"]
[PlyCount "74"]
[EventDate "2013.??.??"]

1. Nf3 Nf6 2. g3 e6 3. Bg2 d5 4. O-O Be7 5. c4 O-O 6. d4 dxc4 7. Ne5 Nc6 8.
Nxc6 bxc6 9. Na3 Nd5 10. Nxc4 c5 11. dxc5 Bxc5 12. a3 Ba6 13. Qc2 Qf6 14. Qa4
Bb7 15. Na5 Nb6 16. Qc2 Bxg2 17. Kxg2 Bd6 18. Nc6 Nd5 19. Bd2 Ne7 20. Na5 Qe5
21. e4 f5 22. Nc4 Qd4 23. Rae1 f4 24. f3 Ng6 25. Qc3 Be5 26. Nxe5 Qxe5 27. Qxe5
Nxe5 28. Rc1 Rab8 29. b4 fxg3 30. hxg3 Rbd8 31. Bf4 Nd3 32. Rxc7 Rc8 33. Rxc8
Rxc8 34. Be3 Rc2+ 35. Kh3 Ra2 36. Bxa7 Rxa3 37. Bc5 Nxc5 1/2-1/2

[Event "HZ Chess Tournament 2013"]
[Site "?"]
[Date "2013.08.05"]
[Round "4"]
[White "Vedder, Richard"]
[Black "Ris, Robert"]
[Result "1/2-1/2"]
[WhiteElo "2238"]
[BlackElo "2424"]
[PlyCount "39"]
[EventDate "2013.??.??"]

1. e4 e5 2. Nf3 Nc6 3. Bc4 Nf6 4. d4 exd4 5. O-O Bc5 6. e5 d5 7. exf6 dxc4 8.
Re1+ Kf8 9. Bg5 gxf6 10. Bh6+ Kg8 11. Nbd2 Bf8 12. Bxf8 Kxf8 13. Nxc4 Be6 14.
Ncd2 Kg7 15. Nb3 Bxb3 16. axb3 Qd5 17. Qd2 Qf5 18. Nxd4 Nxd4 19. Qxd4 Rhe8 20.
Qc3 1/2-1/2

[Event "HZ Chess Tournament 2013"]
[Site "?"]
[Date "2013.08.05"]
[Round "4"]
[White "Maatman, Nick"]
[Black "Berkovich, Mark A"]
[Result "1/2-1/2"]
[WhiteElo "2207"]
[BlackElo "2375"]
[PlyCount "71"]
[EventDate "2013.??.??"]

1. d4 Nf6 2. c4 e6 3. Nc3 Bb4 4. Qc2 d5 5. cxd5 Qxd5 6. Nf3 Qf5 7. Qxf5 exf5 8.
a3 Bd6 9. b4 Be6 10. e3 Nbd7 11. Bb2 c6 12. Bd3 O-O 13. Nd2 a5 14. b5 c5 15.
Na4 cxd4 16. Bxd4 Ne5 17. Be2 Rac8 18. O-O Rc2 19. Rfd1 Ne4 20. Nxe4 fxe4 21.
Nc3 f5 22. Rdc1 Rxc1+ 23. Rxc1 Rc8 24. Ra1 Nc4 25. g4 Nxa3 26. gxf5 Bxf5 27.
Bd1 Kf8 28. Bb3 Bb4 29. Nd5 Nxb5 30. Bb6 Nc3 31. Nxb4 axb4 32. Ba5 g6 33. Bxb4+
Kg7 34. Kf1 Nb5 35. Rd1 Bg4 36. Rd5 {...} 1/2-1/2

[Event "HZ Chess Tournament 2013"]
[Site "?"]
[Date "2013.08.05"]
[Round "4"]
[White "L'Ami, Alina"]
[Black "Dijkhuis, Tycho"]
[Result "1-0"]
[WhiteElo "2358"]
[BlackElo "2176"]
[PlyCount "81"]
[EventDate "2013.??.??"]

1. d4 Nf6 2. c4 g6 3. Nc3 d5 4. cxd5 Nxd5 5. Bd2 Nb6 6. Bf4 Bg7 7. e3 O-O 8.
Nf3 c5 9. dxc5 N6d7 10. Nd5 Nxc5 11. Rc1 Nba6 12. b4 Ne4 13. Bxa6 bxa6 14. Rc7
Bd7 15. Ng5 e6 16. Nxe4 exd5 17. Qxd5 Bb5 18. Qxd8 Rfxd8 19. f3 Rac8 20. Rxc8
Rxc8 21. Kf2 Rc2+ 22. Kg3 Rxa2 23. Rc1 h6 24. Nc3 Bxc3 25. Rxc3 g5 26. Be5 f6
27. Bxf6 Kf7 28. Bd4 Bf1 29. Kg4 Rxg2+ 30. Kf5 Rc2 31. Rxc2 Bd3+ 32. Kg4 Bxc2
33. Kh5 Ke6 34. Kxh6 Kf5 35. e4+ Kf4 36. Bxa7 g4 37. Bb8+ Kxf3 38. e5 g3 39.
hxg3 Kxg3 40. e6+ Kf3 41. b5 1-0

[Event "HZ Chess Tournament 2013"]
[Site "?"]
[Date "2013.08.05"]
[Round "4"]
[White "Freeke, Matthieu"]
[Black "Rosmuller, Anton"]
[Result "1-0"]
[WhiteElo "2332"]
[BlackElo "2091"]
[PlyCount "97"]
[EventDate "2013.??.??"]

1. d4 d6 2. Nf3 Nf6 3. c4 g6 4. g3 Bg7 5. Bg2 O-O 6. O-O Nbd7 7. Nc3 c6 8. e4
e5 9. h3 Re8 10. Be3 a5 11. Qc2 exd4 12. Nxd4 Nc5 13. Rad1 Nfd7 14. b3 Qe7 15.
Rfe1 Qf8 16. f4 h5 17. Bf2 Bf6 18. Nde2 Be7 19. Kh2 Qh6 20. Qd2 Bf8 21. Be3 Qg7
22. Bd4 Qh6 23. Qb2 a4 24. b4 a3 25. Qb1 Ne6 26. Be3 Qh7 27. Qb3 Nc7 28. Nb1
Nf6 29. Bb6 Na6 30. Nec3 d5 31. exd5 Rxe1 32. Rxe1 Nxb4 33. Bd4 Nd7 34. Re8 c5
35. Be5 f6 36. Bd6 Qf7 37. Rd8 Kg7 38. Nb5 h4 39. g4 Bxd6 40. Nxd6 Qe7 41. Rxc8
Qxd6 42. Rxa8 Qxf4+ 43. Kg1 Ne5 44. Rxa3 Qc1+ 45. Bf1 Nc2 46. Qxb7+ Kh6 47. Rc3
Qe1 48. Qb2 Nd4 49. Qd2+ 1-0

[Event "HZ Chess Tournament 2013"]
[Site "?"]
[Date "2013.08.05"]
[Round "4"]
[White "Meertens, Martin"]
[Black "Timmermans, Mark"]
[Result "1/2-1/2"]
[WhiteElo "2177"]
[BlackElo "2287"]
[PlyCount "97"]
[EventDate "2013.??.??"]

1. e4 e5 2. Nf3 Nc6 3. Nc3 Nf6 4. Bb5 Nd4 5. Bc4 Bc5 6. d3 d6 7. h3 c6 8. Nxd4
exd4 9. Ne2 d5 10. exd5 Nxd5 11. O-O O-O 12. c3 dxc3 13. bxc3 Be6 14. Qc2 Qh4
15. Rb1 b6 16. d4 Bd6 17. Bd3 c5 18. Be4 Rac8 19. Ba3 Rfd8 20. Rfd1 Nxc3 21.
Nxc3 cxd4 22. Bxd6 Rxd6 23. Bxh7+ Qxh7 24. Qxh7+ Kxh7 25. Nb5 Rd7 26. Rxd4 Rc5
27. Rxd7 Bxd7 28. Nd4 Ra5 29. Rb2 g5 30. Kf1 Rd5 31. Nf3 Be6 32. Nd2 Ra5 33.
Nb3 Rb5 34. Rc2 Bxb3 35. axb3 Rxb3 36. Rc7 a5 37. Rxf7+ Kg6 38. Ra7 Kf5 39. Ke2
Ke4 40. f3+ Kd4 41. f4 gxf4 42. Kf2 Kc5 43. h4 Rg3 44. h5 Rg4 45. h6 Rh4 46. h7
Kb4 47. Kf3 a4 48. Rf7 Ka3 49. Rb7 1/2-1/2

[Event "HZ Chess Tournament 2013"]
[Site "?"]
[Date "2013.08.05"]
[Round "4"]
[White "Gunther, Justin"]
[Black "Ducarmon, Quinten"]
[Result "0-1"]
[WhiteElo "2071"]
[BlackElo "2438"]
[PlyCount "72"]
[EventDate "2013.??.??"]

1. e4 c6 2. d4 d5 3. Nc3 dxe4 4. Nxe4 Bf5 5. Ng3 Bg6 6. h4 h6 7. Nf3 Nf6 8. Bd3
Bxd3 9. Qxd3 e6 10. Bd2 Nbd7 11. O-O-O Be7 12. Ne4 O-O 13. Nxf6+ Nxf6 14. Ne5
c5 15. Be3 Nd5 16. dxc5 Qa5 17. Kb1 Rad8 18. Qb3 Bxc5 19. c4 Nxe3 20. fxe3 Qc7
21. Nf3 b6 22. e4 Qf4 23. Qc2 Be7 24. Rdf1 Rd7 25. g4 g6 26. Rhg1 Bc5 27. Rh1
Rfd8 28. h5 g5 29. a3 Rd3 30. Ne1 Rd1+ 31. Ka2 Qc1 32. Qxc1 Rxc1 33. Nf3 Rxc4
34. Ne5 Rxe4 35. Nxf7 Rd7 36. Nxh6+ Kg7 0-1

[Event "HZ Chess Tournament 2013"]
[Site "?"]
[Date "2013.08.05"]
[Round "4"]
[White "Kuipers, Stefan"]
[Black "Majhi, Ankit"]
[Result "1-0"]
[WhiteElo "2437"]
[BlackElo "2069"]
[PlyCount "83"]
[EventDate "2013.??.??"]

1. e4 e5 2. Nf3 Nc6 3. Nc3 Nf6 4. a3 Be7 5. d4 exd4 6. Nxd4 O-O 7. Be2 d5 8.
exd5 Nxd4 9. Qxd4 Be6 10. Bf3 c6 11. Be3 Nxd5 12. Nxd5 cxd5 13. O-O Bf6 14. Qb4
Qc7 15. c3 Be5 16. h3 Rfd8 17. Rad1 Bh2+ 18. Kh1 Bd6 19. Qh4 Be7 20. Qd4 Bf6
21. Qd2 Rac8 22. Bd4 Bxd4 23. Qxd4 b6 24. Rd2 Rd7 25. Rfd1 Rcd8 26. Qe3 Kf8 27.
Rd4 Qc5 28. Kg1 h6 29. Qd3 Qd6 30. Re1 g6 31. Qd2 Kg7 32. Rh4 Rh8 33. Qd4+ f6
34. Qe3 Bf7 35. Qd2 Re7 36. Rxe7 Qxe7 37. Bxd5 Bxd5 38. Qxd5 Qe1+ 39. Kh2 Re8
40. Rc4 Re7 41. Rc8 Rf7 42. Qd8 1-0

[Event "HZ Chess Tournament 2013"]
[Site "?"]
[Date "2013.08.05"]
[Round "4"]
[White "Haak, Eelco"]
[Black "Rijnaarts, Sjef"]
[Result "1-0"]
[WhiteElo "2056"]
[BlackElo "2354"]
[PlyCount "85"]
[EventDate "2013.??.??"]

1. d4 d5 2. Nf3 Nf6 3. g3 e6 4. Bg2 Be7 5. O-O O-O 6. c4 c6 7. b3 b6 8. Bb2 Bb7
9. Qc2 dxc4 10. bxc4 c5 11. dxc5 Bxc5 12. Ng5 Nbd7 13. Bxb7 Rb8 14. Bg2 h6 15.
Ne4 Nxe4 16. Qxe4 Qe7 17. Qh4 f6 18. a4 Rbc8 19. Rd1 Rc7 20. Nd2 Rfc8 21. Rac1
Bb4 22. Nb3 Nf8 23. Be4 Qe8 24. Bd3 Qxa4 25. Nd4 Qe8 26. Nb5 Rd7 27. Ba3 Bxa3
28. Nxa3 Rc5 29. Rb1 Rh5 30. Qe4 f5 31. Qg2 Qe7 32. Nb5 Qf6 33. e3 a6 34. Be2
Rg5 35. h4 Rg6 36. Rxd7 Nxd7 37. h5 Rg5 38. f4 axb5 39. fxg5 Qc3 40. g6 bxc4
41. Rd1 Nf8 42. Qb7 Qxe3+ 43. Kf1 1-0

[Event "HZ Chess Tournament 2013"]
[Site "?"]
[Date "2013.08.05"]
[Round "4"]
[White "Klapwijk, Bram"]
[Black "De Jong, Migchiel"]
[Result "0-1"]
[WhiteElo "2048"]
[BlackElo "2345"]
[PlyCount "160"]
[EventDate "2013.??.??"]

1. e4 c5 2. Nf3 e6 3. d4 cxd4 4. Nxd4 a6 5. Nc3 b5 6. a3 Bb7 7. g3 Nf6 8. Bg2
d6 9. O-O Qc7 10. Bg5 Nbd7 11. Re1 Be7 12. a4 bxa4 13. Nxa4 O-O 14. c4 h6 15.
Bd2 Ne5 16. b3 Rfd8 17. Nb2 Rd7 18. Ba5 Qc8 19. Na4 Bd8 20. Nb6 Bxb6 21. Bxb6
Rb8 22. Ba7 Ra8 23. Bb6 Qb8 24. Ba5 Nc6 25. Bc3 Nxd4 26. Bxd4 e5 27. Bc3 Bc6
28. Ra2 Qb7 29. f3 Rb8 30. Bh3 Rdd8 31. Ba5 Re8 32. b4 Bd7 33. Bf1 Re6 34. Rd2
Ne8 35. c5 Rf6 36. cxd6 Rc8 37. Kg2 Rc6 38. Re3 Rcxd6 39. Red3 Rxd3 40. Rxd3
Bb5 41. Rd5 Bxf1+ 42. Qxf1 Rc6 43. Qd3 Qe7 44. b5 axb5 45. Qxb5 Rc2+ 46. Rd2
Rxd2+ 47. Bxd2 Qe6 48. Bb4 Nf6 49. Qb8+ Kh7 50. Qd6 Qc4 51. Bc5 Qe2+ 52. Bf2
Qb2 53. Qb6 Qd2 54. Qe3 Qd1 55. Qc5 Nd7 56. Qc4 Kg6 57. Qc6+ Kh7 58. Qc4 f6 59.
Qc6 Qd2 60. Qc8 Qd6 61. Qd8 Qe6 62. Qc8 h5 63. h4 f5 64. exf5 Qxf5 65. Qc4 Nf6
66. Qe2 Kg6 67. Be3 e4 68. Bf4 exf3+ 69. Qxf3 Qc2+ 70. Qf2 Qc6+ 71. Qf3 Qc4 72.
Qe3 Ne4 73. Kg1 Qd5 74. Kf1 Kf5 75. Kg1 Qd1+ 76. Kg2 Qc2+ 77. Kg1 Kg4 78. Bg5
Kh3 79. Kf1 Qd1+ 80. Qe1 Qf3+ 0-1

[Event "HZ Chess Tournament 2013"]
[Site "?"]
[Date "2013.08.05"]
[Round "4"]
[White "Woestenburg, Jochem"]
[Black "Beukema, Stefan"]
[Result "0-1"]
[WhiteElo "2045"]
[BlackElo "2321"]
[PlyCount "80"]
[EventDate "2013.??.??"]

1. e4 e5 2. Nf3 Nc6 3. Bb5 a6 4. Ba4 Nf6 5. O-O Be7 6. Qe2 b5 7. Bb3 O-O 8. c3
d6 9. d3 Na5 10. Bc2 c5 11. Rd1 Qc7 12. Nbd2 Re8 13. Nf1 Bf8 14. Bg5 Nd7 15.
Ng3 g6 16. h4 f6 17. Be3 Nb6 18. Nh2 f5 19. exf5 gxf5 20. b4 f4 21. bxa5 fxg3
22. axb6 gxh2+ 23. Kxh2 Qxb6 24. Bb3+ Kh8 25. Bg5 Bg7 26. Bf7 Rf8 27. Bd5 Ra7
28. Qe3 Bb7 29. Bxb7 Rxb7 30. Qg3 Rbf7 31. Be3 d5 32. f3 d4 33. cxd4 exd4 34.
Bd2 c4 35. Bb4 Rg8 36. Bd6 Rf6 37. Be5 Rg6 38. Qf4 Rxg2+ 39. Kh1 Qe6 40. Bxg7+
R8xg7 0-1

[Event "HZ Chess Tournament 2013"]
[Site "?"]
[Date "2013.08.05"]
[Round "4"]
[White "Afek, Yochanan"]
[Black "Senders, Mischa"]
[Result "1-0"]
[WhiteElo "2315"]
[BlackElo "2061"]
[PlyCount "101"]
[EventDate "2013.??.??"]

1. e4 c5 2. c3 Nf6 3. e5 Nd5 4. d4 cxd4 5. Nf3 Nc6 6. cxd4 d6 7. Bc4 Nb6 8. Bb5
dxe5 9. Nxe5 Bd7 10. Nxd7 Qxd7 11. O-O a6 12. Bxc6 Qxc6 13. Nc3 e6 14. Re1 Bb4
15. Qg4 Bxc3 16. bxc3 O-O-O 17. Bf4 h5 18. Qe2 h4 19. h3 g5 20. Bh2 Nc4 21.
Rab1 Rd5 22. Rb4 b5 23. a4 Kd7 24. Ra1 Rd8 25. axb5 axb5 26. Ra7+ Ke8 27. Qh5
R8d7 28. Ra1 Qb6 29. Rbb1 Ra7 30. Re1 Rxa1 31. Rxa1 b4 32. Qh8+ Ke7 33. Be5
Nxe5 34. dxe5 bxc3 35. Qf6+ Ke8 36. Qh8+ Ke7 37. Qf6+ Ke8 38. Qxg5 c2 39. Kh2
Qc7 40. Qg8+ Ke7 41. Qg5+ Kd7 42. Qf4 Kc8 43. Ra8+ Kb7 44. Qa4 Qb6 45. Rf8 Qb1
46. Rxf7+ Kb6 47. Qa7+ Kb5 48. Rb7+ Kc4 49. Rc7+ Kb4 50. Qb6+ Rb5 51. Qd4+ 1-0

[Event "HZ Chess Tournament 2013"]
[Site "?"]
[Date "2013.08.05"]
[Round "4"]
[White "De Zwart, Johan"]
[Black "Meissner, Felix"]
[Result "0-1"]
[WhiteElo "2034"]
[BlackElo "2295"]
[PlyCount "84"]
[EventDate "2013.??.??"]

1. e4 c5 2. c3 Nf6 3. e5 Nd5 4. d4 cxd4 5. Nf3 e6 6. cxd4 b6 7. Bd3 Bb7 8. O-O
Be7 9. Nc3 Nxc3 10. bxc3 Qc7 11. Be3 d6 12. Rc1 Nd7 13. exd6 Bxd6 14. c4 Ba3
15. Rc3 Bb4 16. Rb3 Be7 17. Nd2 Nf6 18. Qb1 O-O 19. f3 Bd6 20. f4 Rab8 21. Ne4
Nxe4 22. Bxe4 Bxe4 23. Qxe4 Qxc4 24. f5 Bxh2+ 25. Kxh2 Qxf1 26. Bf4 exf5 27.
Qxf5 g6 28. Qf6 Rbe8 29. Rf3 Re6 30. Qh4 Qe1 31. Qh6 f6 32. Rh3 Rf7 33. d5 Re8
34. d6 Rd7 35. Rg3 Qe6 36. Rh3 Qf7 37. Rd3 Qxa2 38. Qh3 Qe6 39. Qg3 Qf5 40. Rc3
Red8 41. Rc7 Qe6 42. Qa3 Rxd6 0-1

[Event "HZ Chess Tournament 2013"]
[Site "?"]
[Date "2013.08.05"]
[Round "4"]
[White "Tiggelman, Rene"]
[Black "Henrichs, Wenke"]
[Result "1-0"]
[WhiteElo "2285"]
[BlackElo "2055"]
[PlyCount "89"]
[EventDate "2013.??.??"]

1. d4 e6 2. Nf3 f5 3. g3 Nf6 4. Bg2 d5 5. O-O Bd6 6. c4 c6 7. b3 Qe7 8. Bb2 O-O
9. Qc1 b6 10. Ba3 Bxa3 11. Qxa3 Qxa3 12. Nxa3 Nbd7 13. Rac1 Ba6 14. Rc2 Rae8
15. Rfc1 c5 16. dxc5 Nxc5 17. Ne5 Nce4 18. cxd5 exd5 19. Nc6 Nc5 20. b4 Ne6 21.
Rd1 d4 22. b5 Bb7 23. Nxd4 Bxg2 24. Kxg2 Nxd4 25. Rxd4 Rc8 26. Rdc4 Rxc4 27.
Nxc4 Ne4 28. Ne5 Nc5 29. Rd2 g6 30. Nc6 a6 31. bxa6 Nxa6 32. Rb2 Nc5 33. Rxb6
Kg7 34. Rb5 Ne4 35. Rb7+ Kh6 36. Ne5 Nc3 37. Nf7+ Kh5 38. h4 h6 39. Ng5 Rh8 40.
Ne6 g5 41. Rb6 Rg8 42. hxg5 hxg5 43. Nd4 f4 44. Nf5 Nxe2 45. g4+ 1-0

[Event "HZ Chess Tournament 2013"]
[Site "?"]
[Date "2013.08.05"]
[Round "4"]
[White "Verstraeten, Rein"]
[Black "Hoffman, Ron"]
[Result "1-0"]
[WhiteElo "2281"]
[BlackElo "2047"]
[PlyCount "57"]
[EventDate "2013.??.??"]

1. d4 Nf6 2. c4 g6 3. Nc3 Bg7 4. e4 d6 5. Nge2 Nbd7 6. Ng3 e5 7. d5 h5 8. h4 a5
9. Be2 Nc5 10. Bg5 Bh6 11. Bxh6 Rxh6 12. Qd2 Rh8 13. O-O-O Bd7 14. f4 Ng4 15.
Bxg4 Bxg4 16. Rdf1 exf4 17. Rxf4 Nd7 18. Nf1 Ne5 19. Ne3 Qe7 20. Kb1 Kf8 21.
Nb5 c5 22. dxc6 bxc6 23. Nxd6 Be6 24. Qd4 Qa7 25. Qxe5 Qxe3 26. Qxh8+ Ke7 27.
Qe5 Qd3+ 28. Ka1 Qxd6 29. Rxf7+ 1-0

[Event "HZ Chess Tournament 2013"]
[Site "?"]
[Date "2013.08.05"]
[Round "4"]
[White "Colijn, Stefan"]
[Black "Stolwijk, Colin"]
[Result "0-1"]
[WhiteElo "2276"]
[BlackElo "2036"]
[PlyCount "166"]
[EventDate "2013.??.??"]

1. g3 Nf6 2. Bg2 d5 3. d3 c6 4. a3 Bf5 5. Nd2 Nbd7 6. b4 e5 7. Bb2 a5 8. bxa5
Qxa5 9. Ngf3 Bd6 10. O-O Qb6 11. Qc1 O-O 12. h3 Ra4 13. g4 Bg6 14. Nh4 Rfa8 15.
c4 Qa6 16. g5 Nh5 17. Nxg6 hxg6 18. e3 d4 19. exd4 Nf4 20. Qc2 Ne2+ 21. Kh1
Nxd4 22. Bxd4 exd4 23. Qb2 Qa5 24. Ne4 Qc7 25. Nxd6 Qxd6 26. Qxb7 R4a6 27. a4
Nc5 28. Qb1 Qf4 29. a5 Qxg5 30. Ra3 Ne6 31. Rg1 Qc5 32. Rb3 Qxa5 33. Re1 Qd2
34. Rb8+ Rxb8 35. Qxb8+ Kh7 36. Rf1 Qf4 37. Qc8 Ra3 38. Be4 Qh4 39. Kh2 Ng5 40.
Bxc6 Rxd3 41. Bg2 Qf4+ 42. Kg1 Qf5 43. Qxf5 gxf5 44. f4 Ne4 45. Re1 Rc3 46.
Bxe4 fxe4 47. Rxe4 Rxc4 48. f5 f6 49. Kf2 Rc5 50. Rh4+ Kg8 51. Rxd4 Rxf5+ 52.
Kg3 Kf7 53. Ra4 Rb5 54. Ra3 Rb4 55. Rc3 Kg6 56. Ra3 f5 57. Rc3 Kg5 58. Ra3 g6
59. Rc3 Kh5 60. Ra3 g5 61. Ra8 f4+ 62. Kg2 Rb2+ 63. Kf3 Rb3+ 64. Kg2 Rb6 65.
Rg8 Rg6 66. Rh8+ Rh6 67. Rg8 Re6 68. Kf2 Re3 69. Kg2 Re2+ 70. Kf3 Rh2 71. Rh8+
Kg6 72. h4 Rh3+ 73. Kg2 Rxh4 74. Ra8 Kf5 75. Ra7 Kg4 76. Ra2 f3+ 77. Kg1 Kg3
78. Rb2 Ra4 79. Rg2+ Kf4 80. Rb2 g4 81. Rb1 Ra2 82. Rc1 Kg3 83. Rb1 Rg2+ 0-1

[Event "HZ Chess Tournament 2013"]
[Site "?"]
[Date "2013.08.05"]
[Round "4"]
[White "Doberitz, Paul"]
[Black "Hiemstra, Jan"]
[Result "1-0"]
[WhiteElo "2254"]
[BlackElo "2032"]
[PlyCount "81"]
[EventDate "2013.??.??"]

1. e4 c6 2. d4 d5 3. Nc3 dxe4 4. Nxe4 Nd7 5. Bd3 Ngf6 6. Ng5 e6 7. N1f3 Bd6 8.
O-O h6 9. Nh3 Qc7 10. g3 g5 11. Ne1 b6 12. a4 a5 13. Ng2 Bb7 14. Qe2 c5 15. Be3
Qc6 16. f3 O-O-O 17. Bb5 Qc7 18. Ba6 Nd5 19. dxc5 Nxc5 20. Bxb7+ Kxb7 21. Bd2
Be5 22. Rab1 Nxa4 23. c4 Ne7 24. b4 Bc3 25. Be1 axb4 26. Qc2 Ra8 27. Bxc3 bxc3
28. Ne3 Qc6 29. f4 g4 30. Nf2 h5 31. Nd3 Qe4 32. Rfe1 Rhd8 33. Rxb6+ Kc8 34.
Rb4 Rxd3 35. Rxa4 Rb8 36. c5 Qh7 37. f5 Rd7 38. Nc4 Nxf5 39. Nb6+ Rxb6 40. cxb6
Qg7 41. Qe4 1-0

[Event "HZ Chess Tournament 2013"]
[Site "?"]
[Date "2013.08.05"]
[Round "4"]
[White "De Vleeschauwer, Maarten"]
[Black "Zwirs, Nico"]
[Result "0-1"]
[WhiteElo "2030"]
[BlackElo "2250"]
[PlyCount "56"]
[EventDate "2013.??.??"]

1. e4 e5 2. Nf3 d6 3. d4 exd4 4. Nxd4 g6 5. Nc3 Bg7 6. Be3 Nf6 7. Qd2 O-O 8.
O-O-O Nc6 9. f3 Nxd4 10. Bxd4 Be6 11. g4 c5 12. Be3 Qa5 13. Kb1 b5 14. Nd5 Qa6
15. Bg5 Bxd5 16. exd5 c4 17. Qf4 Nd7 18. Bh6 Be5 19. Qc1 Rfc8 20. f4 Bh8 21. f5
b4 22. h4 Rc5 23. fxg6 hxg6 24. h5 Ra5 25. hxg6 Rxa2 26. gxf7+ Kxf7 27. Qf4+
Bf6 28. Kc1 c3 0-1

[Event "HZ Chess Tournament 2013"]
[Site "?"]
[Date "2013.08.05"]
[Round "4"]
[White "Tikranian, Alik"]
[Black "Timmermans, Ivo"]
[Result "1/2-1/2"]
[WhiteElo "2006"]
[BlackElo "2214"]
[PlyCount "41"]
[EventDate "2013.??.??"]

1. d4 Nf6 2. Nf3 g6 3. g3 Bg7 4. Bg2 O-O 5. O-O d5 6. c4 dxc4 7. Nc3 c6 8. a4
a5 9. e4 Nfd7 10. Qe2 Nb6 11. Rd1 Na6 12. Be3 Nb4 13. Rd2 f5 14. Ne5 fxe4 15.
Nxc4 N4d5 16. Bxe4 Be6 17. Nxb6 Qxb6 18. Nxd5 Bxd5 19. Bxd5+ cxd5 20. Rc1 Rac8
21. Rxc8 1/2-1/2

[Event "HZ Chess Tournament 2013"]
[Site "?"]
[Date "2013.08.05"]
[Round "4"]
[White "Lacrosse, Marc"]
[Black "Bakels, Anton"]
[Result "1/2-1/2"]
[WhiteElo "2203"]
[BlackElo "2022"]
[PlyCount "90"]
[EventDate "2013.??.??"]

1. d4 Nf6 2. c4 g6 3. Nc3 Bg7 4. e4 d6 5. Be2 O-O 6. Be3 e5 7. Nf3 Na6 8. O-O
Ng4 9. Bg5 Qe8 10. dxe5 dxe5 11. h3 h6 12. Bd2 Nf6 13. Be3 Qe7 14. Qc1 Nc5 15.
Bxh6 Ncxe4 16. Bxg7 Kxg7 17. Nxe4 Nxe4 18. Qe3 Nd6 19. Nxe5 Re8 20. Ng4 Bxg4
21. Qc3+ Qe5 22. Qxe5+ Rxe5 23. Bxg4 Nxc4 24. Rac1 Nxb2 25. Rxc7 b6 26. Bf3
Rae8 27. Rxa7 Nd3 28. Rd1 Re1+ 29. Rxe1 Rxe1+ 30. Kh2 Re5 31. Kg3 Rg5+ 32. Bg4
Kf8 33. f4 Rc5 34. Ra3 Nb4 35. Bd1 Nc2 36. Rd3 Ke7 37. a3 Rc4 38. Rb3 Nd4 39.
Rxb6 Rc3+ 40. Kg4 Rxa3 41. h4 f5+ 42. Kg5 Rg3+ 43. Kh6 Ne6 44. Rb7+ Kf6 45. Rb6
Ke7 1/2-1/2

[Event "HZ Chess Tournament 2013"]
[Site "?"]
[Date "2013.08.05"]
[Round "4"]
[White "Stefan, Romulus-Cristian"]
[Black "Aangeenbrug, Hans"]
[Result "1-0"]
[WhiteElo "2188"]
[BlackElo "1997"]
[PlyCount "40"]
[EventDate "2013.??.??"]

1. d4 Nf6 2. c4 g6 3. Nc3 d5 4. Nf3 Bg7 5. Qb3 dxc4 6. Qxc4 O-O 7. e4 Na6 8.
Be2 c5 9. d5 e6 10. O-O exd5 11. exd5 Re8 12. Rd1 Bf5 13. d6 Ne4 14. d7 Re7 15.
Nxe4 Rxe4 16. Bg5 Qxd7 17. Rxd7 Rxc4 18. Rxb7 Ra4 19. Rd1 Be6 20. Rxa7 Nb4 1-0